000 00305nam a2200133Ia 4500
008 231129s1969||||xx |||||||||||||| ||spa||
040 _bspa
082 _aE864 B268g
100 _aBaroja Ricardo
245 0 _aGente de la generación del 98
260 _c1969
264 _aJuventud
942 _2ddc
_cBKS
999 _c14400
_d14400